| 000 | 00573nam a2200181Ia 4500 | ||
|---|---|---|---|
| 008 | 151018s9999 xx 000 0 und d | ||
| 082 |
_bRBASDV46662 _a891.463 |
||
| 100 | _aकुंटे जगन्नाथ | ||
| 245 | _aकालिंदी | ||
| 250 | _b2 | ||
| 260 |
_b"प्राजक्त प्रकाशन, पुणे " _c2008 |
||
| 300 | _a240 | ||
| 600 | _aकुंटे जगन्नाथ | ||
| 630 | _aकालिंदी | ||
| 700 | _aकुंटे जगन्नाथ | ||
| 730 | _aकालिंदी | ||
| 942 | _cBOOK | ||
| 999 |
_c1045815 _d1045812 |
||